[Event "Africa-ch U18"]
[Site "Johannesburg"]
[Date "2024.06.16"]
[Round "1"]
[White "George Samir, David"]
[Black "Goliath, Brimarion"]
[Result "1-0"]
[WhiteElo "2107"]
[BlackElo "1708"]
[PlyCount "69"]
[EventDate "2024.06.16"]
[EventType "swiss"]
[EventRounds "9"]
[EventCountry "RSA"]
[SourceTitle "EXT 2025"]
[Source "ChessBase"]
[SourceDate "2024.10.14"]
[SourceVersion "1"]
[SourceVersionDate "2024.10.14"]
[SourceQuality "1"]

1. e4 e5 2. Nf3 Nc6 3. Bb5 a6 4. Ba4 Nf6 5. 0-0 Be7 6. Re1 b5 7. Bb3 d6 8. c3 Na5 9. Bc2 c5 10. d4 Qc7 11. h3 0-0 12. Nbd2 Bd7 13. d5 c4 14. Nf1 Rac8 15. Ng3 g6 16. Bh6 Rfe8 17. Qd2 Qd8 18. Nf5 Bxf5 19. exf5 Bf8 20. Bxf8 Kxf8 21. Qh6+ Kg8 22. fxg6 hxg6 23. Ng5 Qe7 24. Re3 Qf8 25. Qh4 Qg7 26. Rg3 Kf8 27. Ne6+ Rxe6 28. dxe6 e4 29. Bxe4 Nxe4 30. Qxe4 Qe5 31. Qxe5 dxe5 32. Rd1 Rc7 33. exf7 Kxf7 34. Rd6 Rc6 35. Rgxg6 1-0

[Event "World ol U16"]
[Site "Nakhchivan"]
[Date "2022.10.10"]
[Round "9.13"]
[White "Humbatova, Nazli"]
[Black "Goliath, Brimarion"]
[Result "1-0"]
[WhiteElo "1632"]
[BlackElo "1394"]
[PlyCount "53"]
[EventDate "2022.10.02"]
[EventType "team-swiss"]
[EventRounds "9"]
[EventCountry "AZE"]
[SourceTitle "CBM 210 Extra"]
[Source "ChessBase"]
[SourceDate "2022.11.30"]
[SourceVersion "1"]
[SourceVersionDate "2022.11.30"]
[SourceQuality "1"]
[WhiteTeam "Azerbaijan Nakhchivan"]
[BlackTeam "South Africa III"]
[WhiteTeamCountry "AZE"]
[BlackTeamCountry "RSA"]

1. e4 e5 2. Nf3 Nc6 3. Bb5 a6 4. Ba4 d6 5. 0-0 Nf6 6. Re1 Be7 7. h3 0-0 8. c3 h6 9. d4 b5 10. Bb3 Bb7 11. Nbd2 Re8 12. Nf1 Bf8 13. Ng3 exd4 14. cxd4 Na5 15. Bc2 Rb8 16. b3 Nc6 17. a3 Ne7 18. Bb2 Ng6 19. Qd2 c5 20. d5 Qc7 21. Nf5 Kh7 22. Nxh6 Nxe4 23. Bxe4 gxh6 24. Qc3 Kg8 25. Bxg6 fxg6 26. Qh8+ Kf7 27. Qh7+ 1-0

[Event "World ol U16"]
[Site "Nakhchivan"]
[Date "2022.10.08"]
[Round "7.14"]
[White "Thamil Manni, Swetha"]
[Black "Goliath, Brimarion"]
[Result "1/2-1/2"]
[WhiteElo "1428"]
[BlackElo "1394"]
[PlyCount "70"]
[EventDate "2022.10.02"]
[EventType "team-swiss"]
[EventRounds "9"]
[EventCountry "AZE"]
[SourceTitle "CBM 210 Extra"]
[Source "ChessBase"]
[SourceDate "2022.11.30"]
[SourceVersion "1"]
[SourceVersionDate "2022.11.30"]
[SourceQuality "1"]
[WhiteTeam "Malaysia"]
[BlackTeam "South Africa III"]
[WhiteTeamCountry "MAS"]
[BlackTeamCountry "RSA"]

1. d4 d5 2. Bf4 e6 3. e3 Bd6 4. Bg3 Nf6 5. Nf3 a6 6. Nbd2 Qe7 7. Bd3 Nc6 8. Ne5 Bxe5 9. dxe5 Nd7 10. f4 f6 11. exf6 Nxf6 12. c3 e5 13. 0-0 e4 14. Bc2 Bf5 15. Bh4 Qe6 16. Nb3 0-0-0 17. Nc5 Qe7 18. b4 Nb8 19. a4 Nbd7 20. Nb3 Qd6 21. h3 h6 22. b5 g5 23. Bg3 Rhg8 24. Kf2 g4 25. h4 Nc5 26. Nxc5 Qxc5 27. Qd4 Qxd4 28. cxd4 a5 29. Bb3 b6 30. Rac1 Kb7 31. Rc6 Rd6 32. Rc2 h5 33. Rfc1 Rc8 34. Bh2 c6 35. Ke2 cxb5 1/2-1/2

[Event "World ol U16"]
[Site "Nakhchivan"]
[Date "2022.10.06"]
[Round "5.15"]
[White "Nel, Hayley"]
[Black "Goliath, Brimarion"]
[Result "1/2-1/2"]
[WhiteElo "1191"]
[BlackElo "1394"]
[PlyCount "90"]
[EventDate "2022.10.02"]
[EventType "team-swiss"]
[EventRounds "9"]
[EventCountry "AZE"]
[SourceTitle "CBM 210 Extra"]
[Source "ChessBase"]
[SourceDate "2022.11.30"]
[SourceVersion "1"]
[SourceVersionDate "2022.11.30"]
[SourceQuality "1"]
[WhiteTeam "South Africa II"]
[BlackTeam "South Africa III"]
[WhiteTeamCountry "RSA"]
[BlackTeamCountry "RSA"]

1. d4 d5 2. c4 e6 3. cxd5 exd5 4. Nc3 Nf6 5. Bg5 Be7 6. e3 b6 7. Qc2 Bb7 8. Nf3 0-0 9. Bd3 Nbd7 10. 0-0 Re8 11. Rac1 c5 12. Bxf6 Nxf6 13. Bb5 Rf8 14. Ne5 Rc8 15. dxc5 Bxc5 16. Rfd1 Qe7 17. Nf3 a6 18. Bd3 Rfd8 19. Bf5 Rc7 20. Nd4 Bc8 21. Bxc8 Rdxc8 22. Qb3 Bxd4 23. Rxd4 Ne4 24. Rcd1 Nxc3 25. bxc3 Rxc3 26. Qxb6 Qa3 27. Rxd5 h6 28. Ra5 Rc1 29. Rad5 Rxd1+ 30. Rxd1 Rc1 31. Qd8+ Kh7 32. Kf1 Rxd1+ 33. Qxd1 Qxa2 34. Ke1 g6 35. Qd2 Qa3 36. Qd7 Qa2 37. Qd2 Qb1+ 38. Qd1 Qb8 39. Qd5 Qc7 40. h3 Kg8 41. Qa8+ Kg7 42. Qxa6 Qc1+ 43. Ke2 Qc2+ 44. Kf3 Qf5+ 45. Kg3 Qe5+ 1/2-1/2

[Event "World ol U16"]
[Site "Nakhchivan"]
[Date "2022.10.02"]
[Round "1.14"]
[White "Bargan, Victoria"]
[Black "Goliath, Brimarion"]
[Result "1-0"]
[WhiteElo "1720"]
[BlackElo "1394"]
[PlyCount "121"]
[EventDate "2022.10.02"]
[EventType "team-swiss"]
[EventRounds "9"]
[EventCountry "AZE"]
[SourceTitle "CBM 210 Extra"]
[Source "ChessBase"]
[SourceDate "2022.11.30"]
[SourceVersion "1"]
[SourceVersionDate "2022.11.30"]
[SourceQuality "1"]
[WhiteTeam "Moldova"]
[BlackTeam "South Africa III"]
[WhiteTeamCountry "MDA"]
[BlackTeamCountry "RSA"]

1. d4 d5 2. c4 e6 3. Nc3 Nf6 4. cxd5 exd5 5. Bg5 Be7 6. e3 0-0 7. Bd3 Nbd7 8. Nf3 Re8 9. 0-0 c6 10. Qc2 h6 11. Bf4 b6 12. Nb5 Bb7 13. Nc7 Rc8 14. Nxe8 Qxe8 15. h3 c5 16. Qb1 c4 17. Bc2 Nf8 18. Ne5 b5 19. a3 a5 20. Re1 b4 21. axb4 Bxb4 22. Rc1 Qb5 23. Qa2 Qb6 24. Rd1 Ne6 25. Bh2 Nc7 26. Bf5 Rd8 27. Bg3 Nb5 28. f3 g6 29. Bc2 c3 30. Be1 Rc8 31. Rab1 Qc7 32. bxc3 Nxc3 33. Bxc3 Qxc3 34. Bd3 Qc7 35. Rbc1 Qb6 36. Rxc8+ Bxc8 37. Qc2 Bb7 38. Bxg6 Kf8 39. Nxf7 Ne4 40. Ne5 Nf6 41. Qf5 Ke7 42. Ng4 Nxg4 43. Qf7+ Kd8 44. hxg4 Bc6 45. Rc1 Bd2 46. Qf6+ Kc7 47. Qe7+ Kb8 48. Qd6+ Kb7 49. Rb1 Bxe3+ 50. Kh1 Bb5 51. Qxb6+ Kxb6 52. Bd3 a4 53. Rxb5+ Kc6 54. Rb4 a3 55. Bb1 Bc1 56. Kg1 Bd2 57. Ra4 Bc1 58. Bd3 Bb2 59. Kf1 a2 60. Ra6+ Kc7 61. Rxa2 1-0